Random Countries One Minute Sprint - Statistics

General Stats
  • This quiz has been taken 30 times
  • The average score is 23 of 69
Answer Stats
Hint Answer % Correct
Togo Togo
85%
Oman Oman
81%
Saudi Arabia Saudi Arabia
78%
Burkina Faso Burkina Faso
74%
Democratic Republic of the Congo Democratic Republic of the Congo
74%
Greece Greece
74%
Laos Laos
74%
Mali Mali
74%
Bahrain Bahrain
70%
Ecuador Ecuador
70%
Mongolia Mongolia
70%
Zambia Zambia
70%
Vietnam Vietnam
67%
Colombia Colombia
63%
South Africa South Africa
63%
United States of America United States of America
63%
Republic of the Congo Republic of the Congo
59%
United Kingdom United Kingdom
59%
Romania Romania
56%
South Korea South Korea
56%
China China
52%
India India
52%
Luxembourg Luxembourg
48%
Mauritania Mauritania
44%
Canada Canada
37%
Iraq Iraq
37%
Mozambique Mozambique
30%
Vatican City Vatican City
30%
Yemen Yemen
30%
Brazil Brazil
26%
Czech Republic Czech Republic
26%
Niger Niger
26%
Qatar Qatar
26%
San Marino San Marino
26%
Benin Benin
22%
Type the Secret Country "Chad" Chad
22%
France France
22%
Iran Iran
22%
Argentina Argentina
19%
Liechenstein Liechenstein
19%
Slovakia Slovakia
19%
Thailand Thailand
19%
to Chad
15%
gain Chad
15%
10 Chad
15%
free Chad
15%
points Chad
15%
for Chad
15%
your- Chad
15%
self Chad
15%
! Chad
15%
Montenegro Montenegro
15%
Portugal Portugal
15%
Senegal Senegal
15%
South Sudan South Sudan
15%
Tanzania Tanzania
15%
Antigua and Barbuda Antigua and Barbuda
11%
Guatemala Guatemala
11%
Nicaragua Nicaragua
11%
Sierra Leone Sierra Leone
11%
Bangladesh Bangladesh
7%
Botswana Botswana
7%
Eswatini Eswatini
7%
Philippines Philippines
7%
Zimbabwe Zimbabwe
7%
Indonesia Indonesia
4%
Ivory Coast Ivory Coast
4%
North Macedonia North Macedonia
4%
Saint Kitts and Nevis Saint Kitts and Nevis
0%
No matching quizzes found
Score Distribution
Percent of People with Each Score
Percentile by Number Answered
Your Score History
You have not taken this quiz